Provinces And Indigenous Regions Of Panama On A Map - Statistics

General Stats
  • This quiz has been taken 4,770 times
  • The average score is 7 of 13
Answers on the Map
Answers color-coded by a green-red scale on the quiz's map according to % correct below.
 
Answer Stats
Type Division % Correct
Province Panamá
95%
Province Colón
68%
Province Darién
67%
Province Panamá Oeste
64%
Province Bocas del Toro
53%
Province Los Santos
51%
Province Chiriquí
48%
Province Herrera
48%
Province Veraguas
47%
Province Coclé
46%
Indigenous region Guna Yala
46%
Indigenous region Emberá
45%
Indigenous region Ngäbe-Buglé
40%
No matching quizzes found
Score Distribution
Percent of People with Each Score
Percentile by Number Answered
Your Score History
You have not taken this quiz